000 00588nam a2200205Ia 4500
005 20250923144858.0
008 008 250917s9999 xx 000 0 eng d
037 _aTextual
040 _aDSWL
_beng
_cDSWL
041 _aeng
_2eng
084 _aY0aL:5x56, N62
_qDSWL
100 _aEllis, Norman R.
_9829357
245 0 _aHand Book of Mental Deficiency
_cby Norman R. Ellis
260 _aNew York
_bMcGraw Hil Book
_c1963
300 _axv,722p.
365 _aUSD
_b14.5
925 _g14.5
942 _cTEXL
_hY0aL:5x56, N62
999 _c1444494
_d1444494